[Event "Lost Boys Open"]
[Site "Amsterdam NED"]
[Date "2000.08.15"]
[Round "5"]
[White "Nijboer,F"]
[Black "Van der Werf,M"]
[Result "1-0"]
[WhiteElo "2537"]
[BlackElo "2429"]

1.e4 c5 2.Nf3 e6 3.d4 cxd4 4.Nxd4 Nc6 5.Nc3 d6 6.Be3 Nf6 7.f3 Be7 8.Qd2 O-O
9.g4 d5 10.g5 Nxd4 11.Qxd4 Nh5 12.f4 dxe4 13.Qxe4 g6 14.Rd1 Qc7 15.Bg2 Ng7
16.O-O Nf5 17.Bf2 a6 18.Qe5 Qxe5 19.fxe5 Bxg5 20.Rd3 Be7 21.Na4 f6 22.Nb6 Rb8
23.exf6 Bxf6 24.c3 a5 25.Be4 e5 26.Nxc8 Rbxc8 27.Bxb7 Rb8 28.Rd7 Rfd8 29.Bd5+ Kh8
30.Rxd8+ Rxd8 31.c4 e4 32.Bxe4 Bxb2 33.Bxf5 gxf5 34.Rb1 Bd4 35.Bxd4+ Rxd4
36.Rc1 Kg7 37.c5 Kf6 38.c6 Rd8 39.Kf2 a4 40.Kf3 Ke5 41.h4 a3 42.Rc3 Rc8 43.h5 Rc7
44.Ke3 f4+ 45.Kf3 h6 46.Rc2 Kd6 47.Kxf4 Rf7+ 48.Ke4 Kc7 49.Rg2 Kxc6 50.Rg3 Kb5
51.Rxa3 Rg7 52.Rf3 Kc4 53.Rf6 Rb7 54.Kf5 Kd5 55.Ra6 Rg7 56.Rxh6 Ra7 57.Rh8 Rxa2
58.h6 Rf2+ 59.Kg4 Rf7 60.h7 Rd7 61.Kf5 Kd6 62.Kg6  1-0

[Event "ECh-u20"]
[Site "Aviles ESP"]
[Date "2000.08.16"]
[Round "1"]
[White "Tomic,Bo"]
[Black "Horvath,Ad"]
[Result "0-1"]
[WhiteElo "2151"]
[BlackElo "2425"]

1.e4 c5 2.Nf3 e6 3.d4 cxd4 4.Nxd4 Nc6 5.Nc3 Qc7 6.Ndb5 Qb8 7.Be3 a6 8.Nd4 Nf6
9.Bd3 b5 10.O-O Bb7 11.Qe2 Bd6 12.f4 Bc5 13.Nxc6 Bxe3+ 14.Qxe3 Bxc6 15.Qg3 Qb6+
16.Kh1 h5 17.h3 O-O-O 18.e5 h4 19.Qf2 Qxf2 20.Rxf2 Nh5 21.a4 b4 22.Bxa6+ Kc7
23.Ne2 Ra8 24.Bd3 Bxa4 25.c3 Bc6 26.Rxa8 Rxa8 27.cxb4 Rb8 28.Nd4 Rxb4 29.Nxc6 Kxc6
30.f5 Rd4 31.fxe6 Rxd3  0-1

[Event "FSGM August"]
[Site "Budapest HUN"]
[Date "2000.08.16"]
[Round "12"]
[White "Fogarasi,T"]
[Black "Medvegy,Z"]
[Result "1/2-1/2"]
[WhiteElo "2456"]
[BlackElo "2428"]

1.e4 c5 2.Nf3 Nc6 3.Nc3 e6 4.d4 cxd4 5.Nxd4 Qc7 6.g3 a6 7.Bg2 Nf6 8.O-O Bc5
9.Nxc6 dxc6 10.Na4 Ba7 11.c4 b5 12.e5 Nd7 13.Nc3 b4 14.Ne4 Nxe5 15.Bf4 O-O  1/2-1/2

[Event "ECh-u20"]
[Site "Aviles ESP"]
[Date "2000.08.17"]
[Round "2"]
[White "Weber,T"]
[Black "Ortega Ruiz,J"]
[Result "1/2-1/2"]
[WhiteElo "2067"]
[BlackElo "2255"]

1.e4 c5 2.Nc3 e6 3.Nf3 Nc6 4.d4 cxd4 5.Nxd4 Nf6 6.Ndb5 Bb4 7.a3 Bxc3+ 8.Nxc3 d5
9.exd5 Nxd5 10.Nxd5 exd5 11.Be2 O-O 12.O-O Bf5 13.Bd3 Be4 14.Be3 Qf6 15.f3 Bf5
16.Qd2 Rfe8 17.Rfe1 h6 18.Bxf5 Qxf5 19.Rad1 Rad8 20.Qd3 Qf6 21.c3 Re6 22.Bf2 a6
23.a4 Qg5 24.Qd2 Qf5 25.Rxe6 fxe6 26.f4 Rf8 27.Bc5 Rf6 28.g3 Na5 29.Qe2 Rg6
30.Qd3 Qxd3 31.Rxd3 Rf6 32.Re3 Kf7 33.Bd4 Rf5 34.Re5 Nc4 35.Rxf5+ exf5 36.b4 a5
37.Kf2 g5 38.h3 g4 39.hxg4 fxg4 40.bxa5 Ke6 41.Ke2 h5 42.Bb6 Nd6 43.Bf2 Ne4
44.Be1 Nc5 45.Ke3 Nb3 46.Kd3 Nxa5 47.Kd4 Nb3+ 48.Kd3 Nc5+ 49.Kd4 Kd6 50.Bd2 Ne6+
51.Kd3 Ng7 52.c4 Nf5 53.Bb4+ Ke6 54.Be1 Nd6 55.cxd5+ Kxd5 56.a5 Nf5 57.Bf2 Nd6
58.Be1 Ne4 59.Ke3 Nd6 60.Kd3  1/2-1/2

[Event "ECh-u20"]
[Site "Aviles ESP"]
[Date "2000.08.17"]
[Round "2"]
[White "Sanchez Aller,F"]
[Black "Antoniewski,R"]
[Result "0-1"]
[WhiteElo "2137"]
[BlackElo "2446"]

1.e4 c5 2.Nf3 Nc6 3.Nc3 e6 4.d4 cxd4 5.Nxd4 a6 6.Be3 Qc7 7.Bd3 Nf6 8.f4 Nxd4
9.Bxd4 Qxf4 10.Qe2 d6 11.g3 Qg5 12.Be3 Qh5 13.Qg2 Bd7 14.Be2 Qa5 15.O-O Bc6
16.Bf3 Be7 17.Rad1 O-O 18.g4 Nd7 19.Qg3 Ne5 20.Bg2 Nc4 21.Bc1 Bg5 22.b3 Bxc1
23.Rxc1 Qc5+ 24.Qf2 Ne3 25.Rfe1 Nxg4 26.Qxc5 dxc5 27.e5 Bxg2 28.Kxg2 Rad8
29.Re2 f6 30.exf6 Rxf6 31.Rce1 Rg6 32.Kh1 Rf8 33.Nd1 Rf5 34.Rg2 Rf3 35.Kg1 Kf7
36.Rf1 Nxh2  0-1

[Event "ECh-u20"]
[Site "Aviles ESP"]
[Date "2000.08.17"]
[Round "2"]
[White "Jakovenko,D"]
[Black "Fluvia Poyatos,J"]
[Result "1-0"]
[WhiteElo "2506"]
[BlackElo "2403"]

1.e4 c5 2.Nf3 e6 3.d4 cxd4 4.Nxd4 Nc6 5.Nc3 Qc7 6.Be2 a6 7.O-O Nf6 8.Be3 Bb4
9.Nxc6 bxc6 10.Na4 Rb8 11.c4 Bd6 12.g3 Nxe4 13.c5 Be5 14.f4 Bxb2 15.Nxb2 Rxb2
16.Bf3 Nf6 17.Bd4 Rb4 18.a3 Rb5 19.a4 Rb4 20.Be5 Qa7 21.Qd6 a5 22.Rfd1 Kd8
23.Qxc6 Rc4 24.Qb6+ Qxb6 25.cxb6 d5 26.Rdc1 Rxc1+ 27.Rxc1 Ne8 28.Bc3 Bb7
29.Bxa5 Rg8 30.Bb4 g5 31.a5 Ba6 32.Be2  1-0

[Event "Penta Media GM"]
[Site "Kelamabakkam IND"]
[Date "2000.08.17"]
[Round "4"]
[White "Barua,D"]
[Black "Fominyh,A"]
[Result "1/2-1/2"]
[WhiteElo "2502"]
[BlackElo "2594"]

1.e4 c5 2.Nf3 Nc6 3.d4 cxd4 4.Nxd4 e6 5.Nc3 Qc7 6.Be2 a6 7.O-O Bc5 8.Nb3 Be7
9.a4 Nf6 10.Be3 b6 11.f4 O-O 12.Bf3 Rb8 13.Qe2 Ne8 14.Rad1 Nd6 15.Kh1 Nb4
16.Nd4 Bb7 17.e5 Nc4 18.Bc1 d6 19.Bxb7 Rxb7 20.Nf3 Rd8 21.b3 Na5 22.Bb2 d5
23.f5 Nac6 24.Nb1 d4 25.fxe6 fxe6 26.Nxd4 Nxd4 27.Bxd4 Qxc2 28.Qf3 Qc8 29.Qf7+ Kh8
30.Bxb6 Rxd1 31.Rxd1 Nd5 32.Bg1 Rxb3 33.Nd2 Rb8 34.Ne4 Qc6 35.Nd6 Bxd6 36.exd6 Qxd6
37.h3 Rf8 38.Qa7 Qc6 39.Bd4 Nf6 40.Bxf6 gxf6 41.Qe7 Qe8 42.Rd7 Qxe7 43.Rxe7 e5
44.a5 Rc8 45.Re6 Kg7 46.Rxa6 Kg6 47.Ra7 h5 48.Kg1 Rc1+ 49.Kf2 Rc2+ 50.Kf3 h4
51.a6 Kf5 52.Rh7 Rc3+ 53.Kf2 Ra3 54.a7 Kg5 55.Rg7+ Kf4 56.Rg4+ Kf5 57.Rxh4 Rxa7
58.Rb4 Ra2+ 59.Kf3 Ra3+ 60.Kf2 e4 61.h4 Ke5 62.h5 f5 63.h6 Ra2+ 64.Kg3 f4+
65.Kh3 e3 66.h7 Ra8 67.Kg4 e2 68.Rb7 Kf6  1/2-1/2

[Event "Open"]
[Site "Polanica Zdroj POL"]
[Date "2000.08.17"]
[Round "1"]
[White "Socko,B"]
[Black "Grobelny,A"]
[Result "1-0"]
[WhiteElo "2528"]
[BlackElo "2244"]

1.e4 c5 2.Nf3 e6 3.d4 cxd4 4.Nxd4 Nc6 5.Nc3 d6 6.Be3 Nf6 7.f3 Be7 8.Qd2 O-O
9.g4 Nxd4 10.Bxd4 a6 11.O-O-O b5 12.g5 Nd7 13.h4 Bb7 14.Kb1 Rc8 15.a3 Ne5
16.Qf2 Nc4 17.g6 f5 18.exf5 h6 19.Bh3 Bxh4 20.Qe2 e5 21.f6 Qxf6 22.Bxc8 Bxf3
23.Nd5 Bxe2 24.Nxf6+ Rxf6 25.Rdg1 Nd2+ 26.Ka1 Nf3 27.Rg2 Nxd4 28.Rxh4 Nxc2+
29.Ka2 Bd3 30.Bxa6 Nd4 31.b3 Rxg6 32.Rxg6 Bxg6 33.a4 bxa4 34.Bc4+ Bf7 35.Bxf7+ Kxf7
36.bxa4 d5 37.Rxd4 exd4 38.a5 d3 39.Kb2  1-0

[Event "ch-FRA Women"]
[Site "Vichy FRA"]
[Date "2000.08.17"]
[Round "2"]
[White "Muller,A"]
[Black "Te Llalemand,R"]
[Result "1/2-1/2"]
[WhiteElo "2135"]
[BlackElo "2289"]

1.e4 c5 2.Nf3 Nc6 3.d4 cxd4 4.Nxd4 e6 5.Nc3 Qc7 6.Be3 a6 7.Bd3 Nf6 8.O-O b5
9.Nxc6 Qxc6 10.a3 Bb7 11.Qe2 Be7 12.f4 Bc5 13.Kh1 Bxe3 14.Qxe3 d5 15.exd5 Nxd5
16.Nxd5 Qxd5 17.Qh3 g6 18.Rae1 O-O 19.Be4 Qd7 20.Rd1 Qc7 21.Bxb7 Qxb7 22.Rd4 Rfd8
23.Rfd1 Qc7 24.c3 Rxd4 25.Rxd4 e5 26.fxe5 Qxe5 27.Qh4 Kg7 28.Qf2 Re8 29.Kg1 Re7
30.Rd2 f6 31.h3 g5 32.Qd4 Qe1+ 33.Kh2 Re3 34.Rd1 Qg3+ 35.Kg1 Re2 36.Qd7+ Kg6
37.Qc6 Qf2+ 38.Kh1 Qg3 39.Rf1 Qe5 40.Qxa6 Rxb2 41.Qa8 Qe6 42.a4 bxa4 43.Qxa4 Qe2
44.Rg1 h5 45.Qa8 Qe6 46.Rf1 g4 47.h4 Re2 48.Qd8 Re3 49.Qd4 g3 50.Rxf6+ Qxf6
51.Qxe3 Qxh4+ 52.Kg1 Qg4  1/2-1/2

[Event "ECh-u20"]
[Site "Aviles ESP"]
[Date "2000.08.18"]
[Round "3"]
[White "Antoniewski,R"]
[Black "Mastrovasilis,D"]
[Result "1/2-1/2"]
[WhiteElo "2446"]
[BlackElo "2386"]

1.e4 c5 2.Nf3 e6 3.d4 cxd4 4.Nxd4 Nc6 5.Nc3 Qc7 6.Be2 a6 7.Be3 b5 8.Nxc6 Qxc6
9.O-O Bb7 10.Bf3 Rc8 11.a4 b4 12.e5 Qc7 13.Ne4 Qxe5 14.Nf6+ Nxf6 15.Bxb7 Rc4
16.g3 Ng4 17.Bb6 Bc5 18.Bxc5 Qxc5 19.Bxa6 Rd4 20.Qe2 O-O 21.Bb7 d5 22.a5 Re4
23.Qd1 h5 24.a6 Qa7 25.c3 f5 26.h3  1/2-1/2

[Event "ECh-u20 Girls"]
[Site "Aviles ESP"]
[Date "2000.08.18"]
[Round "3"]
[White "Paehtz,E"]
[Black "Khukhashvili,S"]
[Result "0-1"]
[WhiteElo "2343"]
[BlackElo "2272"]

1.e4 c5 2.Nc3 Nc6 3.Nge2 e6 4.d4 cxd4 5.Nxd4 a6 6.Be3 Qc7 7.Be2 Nf6 8.a3 b5
9.Nxc6 dxc6 10.O-O Be7 11.f4 Bb7 12.e5 Rd8 13.Bd3 Nd7 14.Qg4 g6 15.Ne4 c5
16.Ng5 Nb6 17.Rad1 Nd5 18.Bc1 c4 19.Be4 h5 20.Qg3 h4 21.Qg4 Bxg5 22.fxg5 h3
23.Rde1 hxg2 24.Bxg2 Ne7 25.Rd1 Rxd1 26.Rxd1 Bxg2 27.Qxg2 Kf8 28.Qf2 Nf5
29.Be3 Kg7 30.Bb6 Qe7 31.Qd2 Rh4 32.Bd8 Rg4+ 33.Kf1 Qb7 34.Qf2 Qh1+ 35.Ke2 Qe4+
36.Kd2 Rg2  0-1

[Event "Paul Keres mem"]
[Site "Tallinn EST"]
[Date "2000.08.18"]
[Round "5"]
[White "Yemelin,V"]
[Black "Seeman,T"]
[Result "1/2-1/2"]
[WhiteElo "2510"]
[BlackElo "2398"]

1.e4 c5 2.Nf3 e6 3.d4 cxd4 4.Nxd4 Nc6 5.Nc3 d6 6.Be2 Nf6 7.O-O Be7 8.Kh1 Bd7
9.f4 Nxd4 10.Qxd4 Bc6 11.Bf3 O-O 12.Qf2 Nd7 13.Bd2 b5 14.Rae1 Bh4 15.g3 Bf6
16.Nd1 Qc7 17.g4 g6 18.h4 a5 19.g5 Bg7 20.h5 b4 21.Bc1 a4 22.f5 exf5 23.exf5 Ne5
24.Bxc6 Qxc6+ 25.Qg2 Qxg2+ 26.Kxg2 gxf5 27.Ne3 Rfc8 28.Rd1 Ng4 29.Nxf5 Rxc2+
30.Rd2 Rxd2+ 31.Bxd2 b3 32.axb3 axb3 33.Nxg7 Kxg7 34.Bc3+ Kf8 35.Re1 Rb8
36.Kf3 Ne5+ 37.Bxe5 dxe5 38.Rxe5 h6 39.gxh6 Rb6 40.Kg4 Kg8 41.Rg5+ Kh8 42.Kf4 Rxh6
43.Rb5 Kg7 44.Ke4 Re6+ 45.Kd4 Kh6 46.Kc4 Re4+ 47.Kxb3 Rf4 48.Rd5 f5 49.Kc3 Kxh5
50.b4 Kg4 51.b5 Rf1 52.b6  1/2-1/2

[Event "Lost Boys Open"]
[Site "Amsterdam NED"]
[Date "2000.08.19"]
[Round "9"]
[White "Bosch,Je"]
[Black "Van der Werf,M"]
[Result "1/2-1/2"]
[WhiteElo "2405"]
[BlackElo "2429"]

1.e4 c5 2.Nf3 e6 3.d4 cxd4 4.Nxd4 Nc6 5.Nc3 Qc7 6.g3 a6 7.Bg2 d6 8.O-O Bd7
9.Nce2 Nf6 10.b3 Be7 11.c4 O-O 12.Re1 Rac8 13.Bb2 Qb8 14.Nxc6 Bxc6 15.Nd4 Bd7
16.a4 Rfd8 17.h3 g6 18.Qd2 e5 19.Nc2 b5 20.axb5 axb5 21.Ne3 bxc4 22.bxc4 Rc7
23.Nd5  1/2-1/2

[Event "ECh-u20"]
[Site "Aviles ESP"]
[Date "2000.08.19"]
[Round "4"]
[White "Rigo,Z"]
[Black "Fluvia Poyatos,J"]
[Result "1/2-1/2"]
[WhiteElo "2224"]
[BlackElo "2403"]

1.e4 c5 2.Nf3 e6 3.d4 cxd4 4.Nxd4 Nc6 5.Nc3 Qc7 6.Be2 a6 7.O-O Nf6 8.Be3 Bb4
9.Na4 Be7 10.Nxc6 bxc6 11.Nb6 Rb8 12.Nxc8 Qxc8 13.e5 Nd5 14.Bc1 Bc5 15.c4 Ne7
16.b3 Qc7 17.Bb2 d6 18.exd6 Bxd6 19.g3 Be5 20.Qc2 c5 21.Bxe5 Qxe5 22.Rfe1 Qc7
23.Qc3 O-O 24.Rab1 a5 25.Bf1 Nc6 26.Rb2 Rfd8 27.Bg2 Nd4 28.Kh1 Qb6 29.Reb1 Qb4
30.Qc1 Qa3 31.h4 Rd6 32.Qf4 Rbd8 33.Kh2 h6 34.Be4 Qb4 35.Qc1 Rb6 36.a3 Qxa3
37.Ra1 Qxb3 38.Rxb3 Nxb3 39.Qc3 Nxa1 40.Qxa5 Rbd6 41.Qxa1 Rd4 42.Qa5 Rf8
43.Bb1 Rxc4 44.Qb5 Rd4 45.Qxc5 Rd5 46.Bh7+ Kxh7 47.Qxf8 Rf5 48.Kg2 h5 49.f3 Kg6
50.g4 Rd5 51.Kg3 Kf6 52.Qb8 Ke7 53.Qh8 g6 54.Kf4 Rb5 55.Qc3 Kf8 56.Qf6 Kg8
57.Qd8+ Kg7 58.Qe7 Rd5 59.Ke4 Ra5 60.Qb4 Rd5 61.Qb6 Kg8 62.Qb2 Kh7 63.Qa1 Kg8
64.Qf6 Rb5 65.Kd3 Rd5+ 66.Kc4 Kf8 67.Qh8+ Ke7 68.Qg8 Ra5 69.Qb8 Rd5 70.Qg8 Ra5
71.Kb4 Rd5 72.Qh8 Rd8 73.Qg7 Rd5 74.Qc3 Kf8 75.Qh8+ Ke7 76.Qb8 Kf6 77.Qh8+ Ke7
78.Kc4 Rd8 79.Qe5 Rd5 80.Qb8 g5 81.hxg5 Rxg5 82.Qf4 Rd5 83.g5 Rf5 84.Qh4 f6
85.gxf6+ Kf7 86.Kd4 Ra5 87.Ke3 Re5+ 88.Kf2 Rf5 89.Ke3 Re5+ 90.Kd3 Ra5 91.Ke3 Re5+  1/2-1/2

[Event "Penta Media GM"]
[Site "Kelamabakkam IND"]
[Date "2000.08.19"]
[Round "6"]
[White "Reefat,S"]
[Black "Fominyh,A"]
[Result "1-0"]
[WhiteElo "2467"]
[BlackElo "2594"]

1.e4 c5 2.Nf3 Nc6 3.d4 cxd4 4.Nxd4 e6 5.Nc3 Qc7 6.Be2 a6 7.O-O Nf6 8.Kh1 Bc5
9.Nxc6 bxc6 10.f4 d5 11.e5 Nd7 12.Na4 Ba7 13.c4 Bb7 14.Qc2 O-O 15.Bd3 g6
16.c5 Bb8 17.Be3 a5 18.Nb6 Ra7 19.Qe2 Qd8 20.Bd4 Bc7 21.Nxd7 Qxd7 22.g4 Qe7
23.f5 exf5 24.gxf5 Qh4 25.Qe3 Raa8 26.Rf3 f6 27.fxg6 Bc8 28.gxh7+ Kh8 29.Rf4 Qh6
30.Rxf6  1-0

[Event "ECh-u20"]
[Site "Aviles ESP"]
[Date "2000.08.20"]
[Round "5"]
[White "Tomic,Bo"]
[Black "Atakisi,U"]
[Result "0-1"]
[WhiteElo "2151"]
[BlackElo "2258"]

1.e4 c5 2.Nf3 Nc6 3.Nc3 e6 4.d4 cxd4 5.Nxd4 Qc7 6.Be3 a6 7.Be2 Nf6 8.a3 b5
9.O-O Bb7 10.f4 Bc5 11.e5 Qb6 12.Bf3 Bxd4 13.Bxd4 Nxd4 14.Bxb7 Nf5+ 15.Kh1 Qxb7
16.exf6 gxf6 17.Qe2 d5 18.Rad1 O-O-O 19.Rd3 d4 20.Nd1 h5 21.c3 h4 22.Rh3 Rhg8
23.cxd4 Rxd4 24.Nc3 Rgd8 25.Rc1 Kb8 26.Rd1 Rxd1+ 27.Nxd1 Qe4 28.Qf1 Qc4 29.Qg1 Qd4
30.Ne3 Nxe3 31.Rxe3 Qxe3 32.Qxe3 Rd1+ 33.Qg1 Rxg1+ 34.Kxg1 Kc7 35.Kf2 Kd6
36.Ke3 f5 37.Kd4 f6 38.h3 e5+ 39.Ke3 Kd5 40.b3 a5 41.Kf3 Kd4 42.Kf2 e4 43.g3 e3+  0-1

[Event "Summer Open"]
[Site "Toronto CAN"]
[Date "2000.08.20"]
[Round "8"]
[White "Spraggett,K"]
[Black "Mikanovic,G"]
[Result "1-0"]
[WhiteElo "2501"]
[BlackElo "2308"]

1.e4 c5 2.Nf3 e6 3.d4 cxd4 4.Nxd4 Nc6 5.Nc3 Qc7 6.g3 a6 7.Bg2 Nge7 8.Nde2 Ng6
9.O-O Bc5 10.Kh1 O-O 11.f4 f6 12.b3 b5 13.Bb2 Bb7 14.Qd2 Rad8 15.Rad1 Rf7
16.a3 Rb8 17.h3 Nf8 18.g4 Ba8 19.f5 Ne5 20.g5 Qa7 21.gxf6 gxf6 22.Nf4 exf5
23.Ncd5 d6 24.exf5 Qd7 25.Nh5 Qd8 26.Ndxf6+ Rxf6 27.Bxa8 Rxa8 28.Bxe5  1-0

[Event "ECh-u20 Girls"]
[Site "Aviles ESP"]
[Date "2000.08.21"]
[Round "6"]
[White "Paehtz,E"]
[Black "Reizniece,D"]
[Result "1/2-1/2"]
[WhiteElo "2343"]
[BlackElo "2275"]

1.e4 c5 2.Nf3 e6 3.d4 cxd4 4.Nxd4 Nc6 5.Nc3 d6 6.Be3 Be7 7.Qd2 Nf6 8.f3 O-O
9.g4 d5 10.g5 Nxd4 11.Qxd4 Nh5 12.exd5 Bxg5 13.O-O-O exd5 14.f4 Bf6 15.Qc5 b6
16.Qxd5 Bg4 17.Qxd8 Raxd8 18.Rxd8 Rxd8 19.Rg1 Bf3 20.Bd3 g6 21.Rf1 Bc6 22.f5 Kg7
23.Ne2 Be5 24.Bc4 Be4 25.fxg6 Bxg6 26.Rf2 Nf6 27.Bf4 Ng4 28.Bxe5+ Nxe5 29.Bb3 Ng4
30.Rg2 Ne3 31.Rg1 f5 32.Nf4 Re8 33.Nh5+ Kh6 34.Nf6 Rf8 35.Nd7 Rd8 36.Ne5 Rd4
37.c3 Rh4 38.Bf7 Ng4 39.Bxg6 hxg6 40.Nxg4+ fxg4 41.Rg2 Kg5 42.Kd2 Rh3 43.Ke2 Kf4
44.Rf2+ Ke4 45.Rg2 Kf4 46.Rf2+ Ke4 47.Rg2 Kf4 48.Rf2+  1/2-1/2

[Event "ECh-u20"]
[Site "Aviles ESP"]
[Date "2000.08.21"]
[Round "6"]
[White "Andres Gonzalez,A"]
[Black "Fluvia Poyatos,J"]
[Result "1/2-1/2"]
[WhiteElo "2362"]
[BlackElo "2403"]

1.e4 c5 2.Ne2 Nc6 3.Nbc3 e6 4.d4 cxd4 5.Nxd4 Nf6 6.Ndb5 d6 7.Bf4 e5 8.Bg5 a6
9.Na3 b5 10.Nd5 Qa5+ 11.Bd2 Qd8 12.Bg5 Qa5+ 13.Bd2 Qd8 14.Bg5  1/2-1/2

[Event "ch-ESP"]
[Site "Barcelona ESP"]
[Date "2000.08.21"]
[Round "4"]
[White "Martin Gonzalez,An"]
[Black "Molina Garcia,A"]
[Result "1-0"]
[WhiteElo "2411"]
[BlackElo "2172"]

1.e4 c5 2.Nc3 e6 3.Nf3 Nc6 4.d4 cxd4 5.Nxd4 a6 6.Be3 Qc7 7.f4 d6 8.Qf3 Nf6
9.O-O-O Be7 10.g4 Nxd4 11.Bxd4 e5 12.fxe5 dxe5 13.Qg3 Bd6 14.Bf2 Be6 15.Bb5+ Kf8
16.Ba4 Rc8 17.g5 Nh5 18.Qd3 Ke7 19.Be3 Rhd8 20.Nd5+ Bxd5 21.exd5 g6 22.Bb3 Kf8
23.Kb1 Kg8 24.c4 Ng7 25.h4 Nf5 26.h5 Bc5 27.Bd2 Qe7 28.Rde1 Nd4 29.Bf4 Ne6
30.Bxe5 Qxg5 31.Qf1 Ng7 32.hxg6 fxg6 33.Bxg7 Kxg7 34.Rxh7+  1-0

[Event "III Pyramiden-Franken Cup"]
[Site "Fuerth GER"]
[Date "2000.08.21"]
[Round "3"]
[White "Al Modiahki,M"]
[Black "Lomineishvili,M"]
[Result "1-0"]
[WhiteElo "2499"]
[BlackElo "2376"]

1.e4 c5 2.Nf3 Nc6 3.Nc3 e6 4.d4 cxd4 5.Nxd4 Nf6 6.g3 Qb6 7.Nb3 Bb4 8.Bg2 d5
9.O-O Bxc3 10.exd5 Nxd5 11.bxc3 O-O 12.c4 Nde7 13.c5 Qd8 14.Qh5 e5 15.Bb2 f6
16.f4 exf4 17.Rxf4 Be6 18.Rd1 Qe8 19.Qe2 Ng6 20.Re4 Nge5 21.Nd4 Bd7 22.Nb5 Qg6
23.Rd6 Bg4 24.Qe3 Rae8 25.Qf4 Re7 26.Nd4 Nd8 27.h4 Bc8 28.Nf3 Nxf3+ 29.Bxf3 Ne6
30.Qe3 f5 31.Rexe6 Bxe6 32.Bd5 Bxd5 33.Rxg6 hxg6 34.Qxe7 Bf7 35.Qxb7 Rd8
36.c6 Rd1+ 37.Kf2 Rd2+ 38.Ke3 Rxc2 39.c7 Be6 40.c8=R+  1-0

[Event "Open"]
[Site "Porto San Giorgio ITA"]
[Date "2000.08.21"]
[Round "2"]
[White "Tomescu,V"]
[Black "Borgiani,F"]
[Result "1/2-1/2"]
[WhiteElo "2432"]
[BlackElo "2222"]

1.e4 c5 2.Nf3 e6 3.d4 cxd4 4.Nxd4 Nc6 5.Nc3 Qc7 6.Be3 a6 7.Bd3 Nf6 8.O-O Ne5
9.h3 Bc5 10.Na4 Ba7 11.c4 d6 12.Rc1 Nxd3 13.Qxd3 Nd7 14.f4 Nc5 15.Nxc5 dxc5
16.Ne2 Bd7 17.f5 O-O-O 18.Nc3 Qe5 19.Bf4 Qd4+ 20.Qxd4 cxd4 21.Nd5 Rde8 22.f6 g5
23.Bg3 d3+ 24.Kh2 exd5 25.cxd5+ Kd8 26.Bc7+ Kc8 27.Bg3+ Kd8 28.Bc7+ Kc8 29.Bg3+  1/2-1/2

[Event "Antwerp Chess Event"]
[Site "Deurne BEL"]
[Date "2000.08.22"]
[Round "4"]
[White "Boey,J"]
[Black "Ooms,A"]
[Result "0-1"]
[WhiteElo "2275"]
[BlackElo "2112"]

1.e4 c5 2.Nf3 e6 3.d4 cxd4 4.Nxd4 Nc6 5.Nc3 Qc7 6.Be2 a6 7.O-O b5 8.Be3 Bb7
9.f4 Rc8 10.Nb3 Na5 11.Nxa5 Qxa5 12.Bf3 b4 13.Ne2 Nf6 14.e5 Bxf3 15.Rxf3 Nd5
16.Bd4 Bc5 17.a3 bxa3 18.bxa3 O-O 19.Qd3 Bxd4+ 20.Nxd4 Rc3 21.Qd2 Rfc8 22.f5 Qc5
23.Rxc3 Nxc3 24.Kh1 Qxe5 25.Re1 Ne4 26.Qb4 a5 27.Nf3 Nf2+ 28.Kg1 Qxf5 29.Qb7 Qc5
30.Re3 Ng4  0-1

[Event "Open"]
[Site "Porto San Giorgio ITA"]
[Date "2000.08.22"]
[Round "3"]
[White "Artizzu,G"]
[Black "Passoni,C"]
[Result "0-1"]
[WhiteElo "2095"]
[BlackElo "2240"]

1.e4 c5 2.Nf3 e6 3.d4 cxd4 4.Nxd4 Nc6 5.Nc3 Qc7 6.Be3 a6 7.g3 Nf6 8.Bg2 d6
9.O-O Be7 10.f4 Nxd4 11.Bxd4 e5 12.Be3 Be6 13.fxe5 dxe5 14.Nd5 Bxd5 15.exd5 Rd8
16.Rc1 Qc4 17.b3 Qc3 18.Qe1 Qxe1 19.Rcxe1 Nxd5 20.Bc1 f6 21.c4 Bc5+ 22.Kh1 Nb4
23.Bxb7 a5 24.Ba3 Ke7 25.Rd1 Rxd1 26.Rxd1 Rd8 27.Rxd8 Kxd8 28.Bxb4 axb4 29.Be4 g6
30.Kg2 f5 31.Bd5 Ke7 32.Kf3 Kf6 33.h3 e4+ 34.Ke2 Ke5 35.Ke1 h6 36.Ke2 g5
37.Bf7 Kd4 38.Bg6 f4 39.gxf4 gxf4 40.Bh5 Kc3 41.Bg6 f3+ 42.Kf1 Kd3 43.Ke1 Ke3
44.Kf1 Kf4 45.Bh7 e3 46.Bd3 Kg3 47.Be4  0-1

[Event "ECh-u20"]
[Site "Aviles ESP"]
[Date "2000.08.23"]
[Round "7"]
[White "Poliakov,D"]
[Black "Mastrovasilis,D"]
[Result "1/2-1/2"]
[WhiteElo "2262"]
[BlackElo "2386"]

1.e4 c5 2.Nf3 e6 3.d4 cxd4 4.Nxd4 Nc6 5.Nc3 Qc7 6.Be3 a6 7.Bd3 Nf6 8.Nxc6 bxc6
9.O-O Rb8 10.b3 Be7 11.f4 d6 12.Kh1 e5 13.fxe5 Ng4 14.Qf3 Nxe5 15.Qg3 O-O
16.Bd4 a5 17.Bc4 Be6 18.Bxe6 fxe6 19.Ne2 Rf6 20.Bxe5 dxe5 21.Rxf6 Bxf6 22.Rf1 Rf8
23.Qg4 Qd6 24.Ng3 g6 25.h3 Bg7 26.Rxf8+ Kxf8 27.h4 Bh6 28.h5 Kf7 29.hxg6+ hxg6
30.Qf3+ Bf4 31.Nf1 Ke7 32.g3 Bg5 33.Qg4 Kf6 34.Qf3+ Ke7 35.Kh2 Qd4 36.c3 Qd6
37.Kh3 Qa3 38.Qg4 Qc1 39.Nh2 Kd6 40.Qf3 Bd2 41.Qf8+ Kd7 42.Qf7+ Kd6 43.Qxg6 Qxc3
44.Qf6 Bf4 45.Qf8+ Kc7 46.Qg7+ Kb6 47.Kh4 Qe1 48.Qg4 Kb5 49.Kh3 Qxe4 50.gxf4 exf4
51.Qf3 Qh7+ 52.Kg2 Qc2+ 53.Qf2 Qxf2+  1/2-1/2

[Event "ECh-u20"]
[Site "Aviles ESP"]
[Date "2000.08.23"]
[Round "7"]
[White "Isik,E"]
[Black "Castaldo,F"]
[Result "0-1"]
[WhiteElo "2120"]
[BlackElo "2227"]

1.e4 c5 2.Nf3 e6 3.d4 cxd4 4.Nxd4 Nc6 5.Nc3 Qc7 6.Be2 a6 7.Be3 Nf6 8.O-O d6
9.g4 h6 10.f4 Nxd4 11.Bxd4 e5 12.Be3 exf4 13.Rxf4 Be6 14.Nd5 Bxd5 15.exd5 Be7
16.a4 O-O 17.a5 Nd7 18.Bd4 Bf6 19.Bxf6 Nxf6 20.Qd4 Qxc2 21.Bc4 Rfe8 22.Qb6 Re4
23.Rxe4 Qxe4 24.Qxb7 Qxg4+ 25.Kh1 Re8 26.Bf1 Ne4 27.Qa7 Re5 28.Qe3 Rxd5 29.Be2 Qh4
30.Rf1 Rxa5 31.Qf3 Rf5 32.Qa3 Nf2+ 33.Kg2 Rg5+ 34.Kf3 Ng4  0-1

[Event "III Pyramiden-Franken Cup"]
[Site "Fuerth GER"]
[Date "2000.08.23"]
[Round "5"]
[White "Hector,J"]
[Black "Handke,F"]
[Result "1/2-1/2"]
[WhiteElo "2509"]
[BlackElo "2455"]

1.e4 c5 2.Nf3 Nc6 3.Nc3 e6 4.d4 cxd4 5.Nxd4 Qc7 6.Be3 a6 7.Bd3 Nf6 8.O-O Ne5
9.Nf3 Nfg4 10.Nxe5 Nxe3 11.Qh5 g6 12.Qf3 Qxe5 13.fxe3 f6 14.Qxf6 Qxf6 15.Rxf6 Bg7
16.Rff1 b5 17.a4 b4 18.Ne2 Bh6 19.Rf3 a5 20.Nd4 Bb7 21.Raf1 Ke7 22.Rf7+ Kd6
23.Kf2 Raf8 24.Ke2 Bc6 25.b3 Rxf7 26.Rxf7 Bg5 27.Bb5 e5 28.Bxc6 exd4 29.Bxd7 dxe3
30.g3 Ke5 31.h4 Bh6 32.Bb5 Rf8 33.Rxh7 Rf2+ 34.Ke1 Bf8 35.Rd7 Kxe4 36.g4 Kf4
37.h5 gxh5 38.gxh5 Bh6 39.Rh7 Bg5 40.Rf7+ Kg3 41.Rg7 Kf4 42.Rf7+  1/2-1/2

[Event "III Pyramiden-Franken Cup"]
[Site "Fuerth GER"]
[Date "2000.08.23"]
[Round "5"]
[White "Al Modiahki,M"]
[Black "Gustafsson,J"]
[Result "1/2-1/2"]
[WhiteElo "2499"]
[BlackElo "2506"]

1.e4 c5 2.Nf3 e6 3.d4 cxd4 4.Nxd4 Nc6 5.Nc3 Qc7 6.g3 a6 7.Bg2 Nf6 8.O-O Nxd4
9.Qxd4 Bc5 10.Bf4 d6 11.Qd2 h6 12.Rad1 e5 13.Be3 Be6 14.Bxc5 dxc5 15.Nd5 Bxd5
16.exd5 Qd6 17.f4 O-O 18.fxe5 Qxe5 19.c4 Qd6 20.Qf4 Rad8 21.Rfe1 Ne8 22.b4 b6
23.Qxd6 Nxd6 24.bxc5 bxc5 25.Bf1 Rb8 26.Rb1 Rfd8 27.Rb3 Rxb3 28.axb3 Rb8
29.Ra1 Rb6 30.Ra5 Nb7 31.Ra3 Kf8 32.Bd3 Ke7 33.Kf2 Kd6 34.Ke3 Ke5 35.Bc2 h5
36.Ra1 Rf6 37.h4 g6 38.Bd3 Rb6 39.Bc2 Rf6 40.Bd3 Rb6  1/2-1/2

[Event "Penta Media GM"]
[Site "Kelamabakkam IND"]
[Date "2000.08.23"]
[Round "9"]
[White "Barua,D"]
[Black "Ganguly,S"]
[Result "1-0"]
[WhiteElo "2502"]
[BlackElo "2498"]

1.e4 c5 2.Nf3 e6 3.d4 cxd4 4.Nxd4 Nc6 5.Nc3 Qc7 6.Be2 a6 7.O-O Nf6 8.Be3 Bb4
9.Na4 Be7 10.Nxc6 bxc6 11.Nb6 Rb8 12.Nxc8 Qxc8 13.e5 Nd5 14.Bc1 Bc5 15.c4 Ne7
16.b3 Qc7 17.Bb2 Ng6 18.Qd3 O-O 19.Qe4 d6 20.exd6 Bxd6 21.g3 Rfd8 22.Rad1 Qa5
23.Qxc6 Qxa2 24.Rxd6 Qxb2 25.Rxd8+ Rxd8 26.Qb6 Rd2 27.Rd1 h6 28.Rxd2 Qxd2
29.Bf3 Qc3 30.Kg2 Ne5 31.Be4 g5 32.h3 Kg7 33.Qd6 g4 34.hxg4 Nxg4 35.Bf3 Ne5
36.Be2 Qb2 37.Bh5 Kf6 38.Qf8 Qxb3 39.Qxh6+ Ke7 40.Qg5+ Kd6 41.Qd8+ Kc5 42.Qc7+ Kd4
43.Qd6+ Ke4 44.f3+ Kf5 45.g4+ Kf6 46.g5+ Kf5 47.Qe7 Qb2+ 48.Kg3 Nxc4 49.Qxf7+ Ke5
50.Bg4 Qb6 51.Qf4+ Kd5 52.Qe4+ Kc5 53.Bxe6 Qd6+ 54.f4 Nd2 55.Qe5+ Kc6 56.Qc3+ Kb6
57.Qe3+ Kc7 58.Kg4 Kd8 59.g6 Nf1 60.Qb3 Qd2 61.g7 Qg2+ 62.Kf5  1-0

[Event "ECh-u20"]
[Site "Aviles ESP"]
[Date "2000.08.24"]
[Round "8"]
[White "Berg,E"]
[Black "Horvath,Ad"]
[Result "1/2-1/2"]
[WhiteElo "2456"]
[BlackElo "2425"]

1.e4 c5 2.Nf3 e6 3.d4 cxd4 4.Nxd4 Nc6 5.Nc3 Qc7 6.f4 Nxd4 7.Qxd4 a6 8.Be2 b5
9.Be3 Bb7 10.O-O Rc8 11.Rad1 h5 12.Bf3 Nf6 13.Rf2 Be7 14.h3 h4 15.Rfd2 O-O
16.e5 Bxf3 17.gxf3 Nh5 18.Qxd7 Bc5 19.Bxc5 Qxc5+ 20.Qd4 Nxf4 21.Kh2 Ng6 22.f4 b4
23.Ne2 Qxd4 24.Rxd4 Rxc2 25.R1d2 Rfc8 26.Kg2 R8c4 27.Rd8+ Kh7 28.Kf3 Ne7
29.R2d7 Nf5 30.Rxf7 Rxb2 31.Re8 Rc6 32.Rxe6 Rxe6 33.Rxf5 Rxa2 34.Nd4 b3 35.Nxe6 b2
36.Nf8+ Kg8 37.Ng6 Ra3+ 38.Kf2 b1=Q 39.Ne7+ Kh8 40.Rh5+ Qh7 41.Ng6+ Kg8 42.Ne7+  1/2-1/2